书目信息 |
| 题名: |
解除苦恼大全
|
|
| 作者: | <解除苦恼大全>写作组 编 | |
| 分册: | 下册 | |
| 出版信息: | 北京 农村读物出版社 1989.3 |
|
| 页数: | 521-1082页 | |
| 开本: | 19cm | |
| 丛书名: | ||
| 单 册: | ||
| 中图分类: | Z429.7 | |
| 科图分类: | ||
| 主题词: | 文集--中国 , 全集--中国 , 选集--中国 | |
| 电子资源: | ||
| ISBN: | 7-5048-0700-1 | |
| 000 | 00667nam0 2200229 45 | |
| 001 | 0181015292 | |
| 005 | 20061125151023.32 | |
| 010 | @a7-5048-0700-1@dCNY11.40 | |
| 100 | @a20810111d km y0chiy0120 ea | |
| 101 | 0 | @achi |
| 102 | @aCN@b110000 | |
| 105 | @a z 000yy | |
| 200 | 1 | @AJie Chu Ku Nao Da Quan@Fjie chu ku nao da quan@a解除苦恼大全@h下册@f<解除苦恼大全>写作组编@b参考工具 |
| 210 | @a北京@c农村读物出版社@d1989.3 | |
| 215 | @a521-1082页@d19cm | |
| 606 | 0 | @a文集@x中国 |
| 606 | 0 | @a全集@x中国 |
| 606 | 0 | @a选集@x中国 |
| 690 | @aZ429.7@v3 | |
| 701 | 0 | @a<解除苦恼大全>写作组@4编 |
| 801 | @aCN@bTSTC@c20061125 | |
| 905 | @dZ429.7@e16:2@f1@b221161 | |
| 解除苦恼大全.下册/<解除苦恼大全>写作组编[参考工具].-北京:农村读物出版社,1989.3 |
| 521-1082页;19cm |
| ISBN 7-5048-0700-1:CNY11.40 |
| ● |
| 相关链接 |
|
|
|
|
正题名:解除苦恼大全
索取号:Z429.7/16:2
 
预约/预借
| 序号 | 登录号 | 条形码 | 馆藏地/架位号 | 状态 | 备注 |
| 1 | 0221161 | 000430732 | 第三借阅区/ [索取号:Z429.7/16:2] | 在馆 | |
| 2 | 0221162 | 202130425 | 第二样本阅览室/ [索取号:Z429.7/16:2] | 在馆 |